Corporate finance: Theory and practice (Record no. 1403)

MARC details
000 -LEADER
fixed length control field 00404nam a2200157Ia 4500
008 - FIXED-LENGTH DATA ELEMENTS--GENERAL INFORMATION
fixed length control field 130318s9999 xx 000 0 und d
020 ## - INTERNATIONAL STANDARD BOOK NUMBER
International Standard Book Number 981412656X
082 ## - DEWEY DECIMAL CLASSIFICATION NUMBER
Classification number 658.15 DAM/C
100 ## - MAIN ENTRY--PERSONAL NAME
Personal name Damodaran, Aswath
245 ## - TITLE STATEMENT
Title Corporate finance: Theory and practice
250 ## - EDITION STATEMENT
Edition statement 2
260 ## - PUBLICATION, DISTRIBUTION, ETC.
Name of publisher, distributor, etc. Wiley
Place of publication, distribution, etc. New York
Date of publication, distribution, etc. 2006
300 ## - PHYSICAL DESCRIPTION
Extent 982
440 ## - SERIES STATEMENT/ADDED ENTRY--TITLE
Title Wiley Series in Finance
650 ## - SUBJECT ADDED ENTRY--TOPICAL TERM
Topical term or geographic name entry element FINANCIAL MANAGEMENT
Holdings
Withdrawn status Lost status Damaged status Not for loan Collection code Home library Current library Shelving location Date acquired Cost, normal purchase price Total Checkouts Full call number Barcode Date last seen Date last checked out Price effective from Koha item type
        Business Analytics Kerala University of Digital Sciences, Innovation and Technology Knowledge Centre Kerala University of Digital Sciences, Innovation and Technology Knowledge Centre Management 18/03/2013 293.00 2 658.15 DAM/C 1410 19/07/2023 01/02/2023 18/03/2013 Books